Vitamíny pro ekonomický růst
Stručná charakteristika knihy českého ekonóma Pavla Kohouta. Ide o súbor článkov, ktoré autor napísal v období rokov 2004-2006 - zamyslenia nad rôznymi problémami dnešnej ekonomickej reality, ako sú: znalostná ekonomika, vzdelanie a ekonomický rast, outsourcing, spoločná európska mena, dane, úskalia...
Salvato in:
| Autore principale: | |
|---|---|
| Natura: | Capitolo di libro |
| Lingua: | slovacco |
| Soggetti: | |
| Tags: |
Nessun Tag, puoi essere il primo ad aggiungerne!!
|
MARC
| LEADER | 00000naa$a2200000$$$4500 | ||
|---|---|---|---|
| 001 | 0053113 | ||
| 005 | 20240502071620.2 | ||
| 041 | 0 | |a slo | |
| 044 | |a SK | ||
| 245 | 1 | 0 | |a Vitamíny pro ekonomický růst |c Vladimír Gonda |
| 520 | |a Stručná charakteristika knihy českého ekonóma Pavla Kohouta. Ide o súbor článkov, ktoré autor napísal v období rokov 2004-2006 - zamyslenia nad rôznymi problémami dnešnej ekonomickej reality, ako sú: znalostná ekonomika, vzdelanie a ekonomický rast, outsourcing, spoločná európska mena, dane, úskalia penzijného systému ... Kniha je určená širokej čitateľskej obci. | ||
| 610 | 2 | 0 | |a rast hospodársky |
| 610 | 2 | 0 | |a recenzie |
| 100 | 1 | |a Gonda, Vladimír | |